00446nam a2200157 a 450000100060000000300090000600800410001502000150005604000280007108200160009910000280011524500670014326000340021030000080024465000360025214009CO-ViMGA141112s2004 ck r 000 u spa d a8487520227 aCO-ViMGAbspacCO-ViMGA04a372.86 C1771 aCastejon O. Francisco, 10aEvaluacion de la educación fisica por indicadores educativos aSevilla : bWanceulen, c1996 a14314aeducación FISICA - EVALUACION